Sports Quiz

Random Sports or NFL Quiz

3 NFL Championships in 10 Years Quiz Stats

 Plays Quiz Updated Mar 13, 2019

Score 0/19 Timer 03:00
16 Plays Today
Years Team % Correct
2001, 2003, 2004New England Patriots
99.4%
2014, 2016, 2018New England Patriots
99.3%
1965, 1966, 1967Green Bay Packers
95.2%
1962, 1965. 1966Green Bay Packers
95.2%
1961, 1962, 1965Green Bay Packers
95.2%
1936, 1939, 1944Green Bay Packers
95.2%
1992, 1993, 1995Dallas Cowboys
95%
1974, 1975, 1978Pittsburgh Steelers
94.8%
1975, 1978, 1979Pittsburgh Steelers
94.8%
1981, 1984, 1988San Francisco 49ers
92.5%
Years Team % Correct
1984, 1988, 1989San Francisco 49ers
92.5%
1988, 1989, 1994San Francisco 49ers
92.5%
1941, 1943, 1946Chicago Bears
85%
1940, 1941, 1943Chicago Bears
85%
1933, 1940, 1941Chicago Bears
85%
1976, 1980, 1983Oakland/Los Angeles Raiders
81.7%
1982, 1987, 1991Washington Redskins
79.4%
1950, 1954, 1955Cleveland Browns
78%
1952, 1953, 1957Detroit Lions
66.1%

You're not logged in!

Compare scores with friends on all Sporcle quizzes.
OR
Log In

Sporcle TV

Today on Sporcle TV


Watch our educational content, quiz creation guides, and fun videos on Sporcle TV.

Show Comments

Extras

Top Quizzes Today


Score Distribution

Your Account Isn't Verified!

In order to create a playlist on Sporcle, you need to verify the email address you used during registration. Go to your Sporcle Settings to finish the process.

Report this User

Report this user for behavior that violates our Community Guidelines.

Details: